000 00542nam a2200181 a 4500
005 20160205162804.0
008 160502s ck fr|||| 00| 0 spa d
020 _a9789588370491
040 _aCO-BoIAVH
_cCO-BoIAVH
041 0 _aspa
044 _ack
082 0 4 _a634.98
_bU56p
245 1 0 _aProtocolo para la revisión y evaluación de planes de manejo forestales:
_bprotocolo 0
260 _aPereira:
_bCarder,
_cs.f.
300 _a130 páginas ;
650 1 6 _aAprovechamiento forestal
_xplanes de manejo
942 _cLIBRO
_2ddc
999 _c18102
_d18102